South Carolina Former and Current Municipalities - Statistics

General Stats
  • This quiz has been taken 3 times
  • The average score is 100 of 613
Answer Stats
Municipality % Correct
Abbeville
100%
Allendale
100%
Anderson
100%
Charleston
100%
Chester
100%
Chesterfield
100%
Clemson
100%
Columbia
100%
Dillon
100%
Edgefield
100%
Florence
100%
Greenville
100%
Hampton
100%
Hollywood
100%
Isle Of Palms
100%
James Island
100%
Johns Island
100%
Laurens
100%
Lexington
100%
Mount Pleasant
100%
Newberry
100%
North
100%
Pickens
100%
Spartanburg
100%
Union
100%
West Columbia
100%
Bamberg
67%
Beaufort
67%
Bennettsville
67%
Bishopville
67%
Calhoun Falls
67%
Camden
67%
Cayce
67%
Central
67%
Chapin
67%
Clinton
67%
Denmark
67%
Dorchester
67%
Edisto
67%
Fort Mill
67%
Georgetown
67%
Goose Creek
67%
Greenwood
67%
Greer
67%
Hannah
67%
Hardeeville
67%
Hilton Head Island
67%
Holly Hill
67%
Honea Path
67%
Indian Land
67%
Irmo
67%
Kershaw
67%
Kingstree
67%
Lake City
67%
Loris
67%
Manning
67%
Marion
67%
Mauldin
67%
Mc Cormick
67%
Moncks Corner
67%
Myrtle Beach
67%
Ninety Six
67%
Norway
67%
Pageland
67%
Ravenel
67%
Ridgeland
67%
Rock Hill
67%
Saint George
67%
Saluda
67%
Sumter
67%
Walhalla
67%
Walterboro
67%
Wellford
67%
Williamston
67%
Winnsboro
67%
York
67%
Aiken
33%
Alcolu
33%
Andrews
33%
Awendaw
33%
Aynor
33%
Barnwell
33%
Batesburg
33%
Belton
33%
Bethune
33%
Blacksburg
33%
Blackville
33%
Bluffton
33%
Boiling Springs
33%
Bonneau
33%
Branchville
33%
Brittons Neck
33%
Cameron
33%
Campobello
33%
Cheraw
33%
Chesnee
33%
Cleveland
33%
Clio
33%
Clover
33%
Clyde
33%
Corinth
33%
Cottageville
33%
Cowpens
33%
Dalzell
33%
Darlington
33%
Due West
33%
Duncan
33%
Easley
33%
East Gaffney
33%
Eastover
33%
East Sumter
33%
Effingham
33%
Elgin
33%
Elloree
33%
Fountain Inn
33%
Frogmore
33%
Gaffney
33%
Galivants Ferry
33%
Garden City
33%
Garnett
33%
Gilbert
33%
Greeleyville
33%
Gresham
33%
Harleyville
33%
Hartsville
33%
Hemingway
33%
Inman
33%
Jackson
33%
Joanna
33%
Johnsonville
33%
Jonesville
33%
Ketchuptown
33%
Ladson
33%
Lancaster
33%
Landrum
33%
Liberty
33%
Litchfield Beach
33%
Lone Star
33%
Lugoff
33%
Lyman
33%
Martin
33%
Mc Bee
33%
Mc Clellanville
33%
Mc Coll
33%
Mullins
33%
Murrells Inlet
33%
Newport
33%
Nichols
33%
Norris
33%
North Augusta
33%
North Charleston
33%
North Myrtle Beach
33%
Olar
33%
Orangeburg
33%
Pamplico
33%
Patrick
33%
Pelion
33%
Pendleton
33%
Port Royal
33%
Rembert
33%
Richland
33%
Ridge Spring
33%
Ridgeville
33%
Round O
33%
Saint Matthews
33%
Salters
33%
Sandy Run
33%
Santee
33%
Seabrook
33%
Seneca
33%
Shiloh
33%
Simpsonville
33%
Six Mile
33%
South Sumter
33%
Springdale
33%
Springfield
33%
Stateburg
33%
Summerton
33%
Sweden
33%
Timmonsville
33%
Travelers Rest
33%
Vance
33%
Varnville
33%
Westminster
33%
Williston
33%
Wilson
33%
Woodruff
33%
Yemassee
33%
Adams Run
0%
Adger
0%
Allsbrook
0%
Anderson County
0%
Andersonville
0%
Antioch
0%
Antreville
0%
Apalache
0%
Appleton
0%
Arcadia
0%
Arial
0%
Ariel Crossroad
0%
Ballentine
0%
Barksdale
0%
Barrelville
0%
Bascomville
0%
Batesville
0%
Bath
0%
Baton Rouge
0%
Beech Island
0%
Belair
0%
Belvedere
0%
Berea
0%
Bethany
0%
Bethera
0%
Blackstock
0%
Blair
0%
Blairsville
0%
Bloody Point
0%
Bonneau Beach
0%
Bordeaux
0%
Bowling Green
0%
Bowman
0%
Boykin
0%
Boykin, Kershaw County
0%
Boykin, Marlboro County
0%
Bradley
0%
Breeden
0%
Bristow
0%
Brookdale
0%
Brownsville
0%
Brunson
0%
Bucksport
0%
Bucksville
0%
Buffalo
0%
Buford
0%
Bullock Creek
0%
Burgess
0%
Burton
0%
Cades
0%
Campton
0%
Canadys
0%
Cane Savannah
0%
Cantey
0%
Carlisle
0%
Carolina Forest
0%
Carolina Harbor
0%
Cartersville
0%
Cash
0%
Cashion Crossroads
0%
Cashville
0%
Cassatt
0%
Catarrh
0%
Catawba
0%
Centenary
0%
Centerville
0%
Chappells
0%
Charleston County
0%
Cherokee Springs
0%
Cherryvale
0%
Choppee
0%
City View
0%
Claremont
0%
Clarks Hill
0%
Clearwater
0%
Clifton
0%
Cokesbury
0%
Conestee
0%
Converse
0%
Cool Spring
0%
Coosawhatchie
0%
Cordesville
0%
Coronaca
0%
Coward
0%
Craytonville
0%
Crescent
0%
Crocketville
0%
Cross
0%
Cross Anchor
0%
Cross Hill
0%
Cross Keys
0%
Dacusville
0%
Dale
0%
Davis Station
0%
DeBordieu
0%
DeKalb
0%
Dentsville
0%
Donalds
0%
Drake
0%
Drayton
0%
Draytonville
0%
Dunbar
0%
Dunbar, Georgetown County
0%
Dunbarton
0%
Dunean
0%
Early Branch
0%
Edgemoor
0%
Edisto Island
0%
Edisto, Orangeburg County
0%
Ehrhardt
0%
Elko
0%
Ellenton
0%
Elliott
0%
Enoree
0%
Estill
0%
Eureka Mill
0%
Eutawville
0%
Evergreen
0%
Evinsville
0%
Fairfax
0%
Fairforest
0%
Fair Play
0%
Fechtig
0%
Ferguson
0%
Filbert
0%
Fingerville
0%
Finland
0%
Five Forks
0%
Floydale
0%
Forestbrook
0%
Fork
0%
Fort Lawn
0%
Friendship
0%
Furman
0%
Gable
0%
Gadsden
0%
Gantt
0%
Gaston
0%
Gayle Mill
0%
Gifford
0%
Gillisonville
0%
Glendale
0%
Glenn Springs
0%
Gloverville
0%
Golden Grove
0%
Goretown
0%
Grahamville
0%
Gramling
0%
Graniteville
0%
Gray Court
0%
Great Falls
0%
Green Pond
0%
Green Sea
0%
Greenville County
0%
Grover
0%
Gumville
0%
Hagood
0%
Hamburg
0%
Hamer
0%
Hand
0%
Hawthorne
0%
Heath Springs
0%
Hendersonville
0%
Hickory Grove
0%
Hickory Grove, Horry County
0%
Hickory Tavern
0%
Hilda
0%
Holly Springs
0%
Holy Islamville
0%
Homeland Park
0%
Homewood
0%
Hopewell, Williamsburg County
0%
Hopewell, York County
0%
Hopkins
0%
Horatio
0%
Horrell Hill
0%
Huger
0%
India Hook
0%
Indiantown
0%
Inman Mills
0%
Irwin
0%
Islandton
0%
Iva
0%
Jacksonboro
0%
Jalapa
0%
Jefferson
0%
Johnston
0%
Judson
0%
Kemper
0%
Kinards
0%
Kingsburg
0%
Konig
0%
La France
0%
Lake Murray of Richland
0%
Lake Secession
0%
Lake View
0%
Lakewood
0%
Lake Wylie
0%
Lamar
0%
Lando
0%
Lane
0%
Langley
0%
Latta
0%
Laurel Bay
0%
Leeds
0%
Leigh
0%
Lena
0%
Lesslie
0%
Liberty Hill
0%
Limehouse
0%
Limp
0%
Little Africa
0%
Little Chicago
0%
Little Mountain
0%
Little River
0%
Little Rock
0%
Lobeco
0%
Longs
0%
Longtown
0%
Lydia
0%
Lynchburg
0%
Macedonia
0%
Mars Bluff
0%
Mayesville
0%
Mayo
0%
Mc Connells
0%
McPhersonville
0%
Mettzendorf
0%
Meyers Mill
0%
Miley
0%
Minturn
0%
Mitford
0%
Modoc
0%
Monarch Mill
0%
Monetta
0%
Mont Clare
0%
Monticello
0%
Montmorenci
0%
Moore
0%
Mountain Rest
0%
Mount Carmel
0%
Mount Holly
0%
Mountville
0%
Mulberry
0%
Murphys Estates
0%
Neeses
0%
Nesmith
0%
Newell
0%
New Ellenton
0%
New Prospect
0%
Newry
0%
New Zion
0%
Neyles
0%
Nine Times
0%
Nixville
0%
North Hartsville
0%
Northlake
0%
North Santee
0%
Oak Grove
0%
Oakland
0%
Ogden
0%
Olanta
0%
Old Buckhead
0%
Old House
0%
Oswego
0%
Pacolet
0%
Parker
0%
Pauline
0%
Piedmont
0%
Pine Island
0%
Pineland
0%
Pineville
0%
Pinewood
0%
Pinopolis
0%
Pittsburg
0%
Plantersville
0%
Point South
0%
Pontiac
0%
Powdersville
0%
Princeton
0%
Pritchardville
0%
Privateer
0%
Promised Land
0%
Prosperity
0%
Providence
0%
Pumpkintown
0%
Rains
0%
Red Bank
0%
Red Bluff
0%
Red Hill
0%
Red River
0%
Reevesville
0%
Reidville
0%
Rhems
0%
Richburg
0%
Ridgeway
0%
Rimini
0%
Rion
0%
Riverview
0%
Robbins
0%
Robertville
0%
Roebuck
0%
Rowesville
0%
Ruby
0%
Ruffin
0%
Russellville
0%
Saint Stephen
0%
Salley
0%
Sandy Island
0%
Sandy Springs
0%
Sangaree
0%
Sans Souci
0%
Santuc
0%
Sardinia
0%
Saxon
0%
Scotia
0%
Scranton
0%
Sellers
0%
Seven Oaks
0%
Sharon
0%
Sheldon
0%
Shell Point
0%
Silverstreet
0%
Sixty Six
0%
Slater
0%
Slater-Marietta
0%
Smith
0%
Socastee
0%
Society Hill
0%
Southern Shops
0%
Spiderweb
0%
Spring Gully
0%
Springmaid Beach
0%
St. Andrews
0%
Startex
0%
State Line
0%
State Park
0%
Stone Station
0%
Strawberry
0%
Sugar Tit
0%
Sunset
0%
Swansea
0%
Switzer
0%
Switzerland
0%
Tamassee
0%
Tarboro
0%
Taxahaw
0%
Taylors
0%
The Barrows
0%
Thicketty
0%
Tigerville
0%
Tillman
0%
Tirzah
0%
Toddville
0%
Townville
0%
Trenton
0%
Trio
0%
Turbeville
0%
Una, Darlington and Lee Counties
0%
Una, Spartanburg County
0%
Utica
0%
Valley Falls
0%
Vaucluse
0%
Wade Hampton
0%
Wagener
0%
Wallace
0%
Wampee
0%
Ware Place
0%
Ware Shoals
0%
Warrenville
0%
Waterloo
0%
Watts Mills
0%
Wedgefield
0%
Wedgewood
0%
Welcome
0%
Wells
0%
West Union
0%
Westville
0%
White Rock
0%
White Stone
0%
Whitmire
0%
Wide Awake
0%
Wilkinson Heights
0%
Wilksburg
0%
Willington
0%
Windhams Crossroads
0%
Winnsboro Mills
0%
Woodfield
0%
No matching quizzes found
Score Distribution
Percent of People with Each Score
Percentile by Number Answered
Your Score History
You have not taken this quiz